000 02259nam a22003257a 4500
999 _c63432
_d63432
003 Ge_BSU
005 20251008212115.0
008 251008s2017 ge ||||| |||| 00| 0 geo d
020 _a9789941245817
041 _ageo
080 _a61(031) პ-69
100 _aპორტერი, რობერტ ს.
_925965
245 _aჯანმრთელობის ენციკლოპედია ყველა თაობისთვის : 7 ტომეული :
_bტ. 6 /
_cრობერტ ს. პორტერი, ჯასტინ ლ. კაპლანი, ბარბარა პ. ჰომიერი; მთარგმნელები: ნინო კიკნაძე, ლია რუსიეშვილი, ანა სიბოშვილი [და სხვ.]; რედაქტორები: გივი ჯავაშვილი, გურამ კიკნაძე, თამარ მამაცაშვილი.
264 _aთბილისი :
_b პალიტრა L,
_c2017.
300 _a636 გვ.;
_b26 სმ.
490 _aმსოფლიო ბესტსელერი
653 _aმამაკაცების ჯანმრთელობა
653 _aქალთა ჯანმრთელობა
653 _aბავშვთა ჯანმრთელობა
653 _aჯანმრთელობის დაცვა
700 _aკაპლანი, ჯასტინ ლ.
_e ავტორი
_925972
700 _aჰომიერი, ბარბარა ჰ.
_eავტორი
_925973
700 _aკიკნაძე, ნინო
_eმთარგმნელი
_925974
700 _aრუსიეშვილი, ლია,
_e მთარგმნელი
_925975
700 _aსიბოშვილი, ანა და სხვ.
_eმთარგმნელი
_925976
700 _aჯავაშვილი, გივი
_eრედაქტორი
_916844
700 _aკიკნაძე, გურამ
_eრედაქტორი
_925986
700 _aმამაცაშვილი, თამარ
_eრედაქტორი
_925987
942 _2udc
_cᲬᲘᲒᲜᲘ